000
00297nam a2200109 4500
008
160702b xxu||||| |||| 00| 0 eng d
100
_9
1820
_a
Madhubun Educational books
245
_a
Tales from Shakepeare
260
_a
New Delhi
_b
Vikas
_c
1986
300
_a
Tales from Shakepeare
942
_2
ddc
_c
BK
999
_c
1524
_d
1524